Jaka to linia? (Warszawa) - Statystyki

Ogólne statystyki
  • Ten quiz został rozwiązany 100 razy
  • Średni wynik to 5 z 15
Statystyki odpowiedzi
Opis linii Linia % Poprawnych
Linia metra, którą dojedziemy z Bródna na Bemowo M2
97%
Linia tramwajowa łącząca Targówek z Grochowem 3
67%
Linia tramwajowa dojeżdżająca do przystanku Sielce 11
64%
Linia uruchamiana w okresie kwiecień-październik w celu zapewnienia połączenia Młocin z Palmirami 800
38%
Tramwajowa linia zwykła, z założenia całotygodniowa, kursująca w dni powszednie 25
33%
Jedyna linia przyspieszona okresowa kursująca w soboty, niedziele i święta 409
33%
Najdłuższa linia autobusowa w sieci WTP 720
33%
Autobusowa linia dzienna, którą można dojechać do Pruszkowa 817
33%
Linia uruchamiana w dniu wyścigów konnych na Torze Służewiec 300
28%
Niedawno uruchomiona linia autobusowa kursująca m.in. ulicą Idzikowskiego 130
24%
Linia posiadająca oba wspólne krańce z linią 181 303
23%
Nocny odpowiednik linii 210 N58
21%
Linia nocna, którą można dojechać do Piaseczna N83
20%
Oznaczenie linii rozwozowej po meczach piłkarskiej sekcji Legii Warszawa 911
16%
Linia lokalna (Lxx) łącząca Legionowo z Dąbkowizną L-8
15%
Nie znaleziono quizów pasujących do podanych kryteriów
Rozkład punktacji
Procent ludzi z każdym wynikiem
Percentyl według liczby udzielonych odpowiedzi
Twoja historia wyników
Nie rozwiązałeś tego quizu